Ци Гун - здраве и бойни изкуства (Запис номер 7190)
[ съкратено ]
| 000 -Лидер | |
|---|---|
| Контролно поле с фиксирана дължина | 01681nam a2200361 c 4500 |
| 003 - Код на организацията, давaща контролен номер | |
| Контролно поле | BLK |
| 005 - Дата и час на последна редакция | |
| Контролно поле | 20180422093830.0 |
| 008 - Елементи от данни с фиксирана дължина | |
| fixed length control field | 180412b bul|||||r ||||||| ||bul|| |
| 010 ## - Наследен системен номер | |
| LC control number | KNG00008463000 |
| 020 ## - Международен стандартен номер на книга ISBN | |
| Международен стандартен номер на книга ISBN | 954-8127-14-8 |
| -- | издат.: Одисей |
| 040 ## - Източник на каталожния запис | |
| Идентификатор на билиотеката - собственик на записа | BLK |
| 041 ## - Код за език | |
| Код за езика на текст/звукозапис или на отделно заглавие | Български |
| Код за езика КДБФ | Български |
| 080 ## - УДК | |
| Текстов определител УДК | Рефлексотерапия. Масажи и механотерапия - Ритмичен и вибрационен масаж, термомасаж, електромасаж |
| УДК код - определител по УДК | 615.82 |
| УДК определител | (035) |
| УДК - код + определител | 615.82(035) |
| 080 ## - УДК | |
| Текстов определител УДК | Източни бойни изкуства - Джиу-джиц, джудо, кит. борба, айкидо, самбо, карате, сумо и др. |
| УДК код - определител по УДК | 796.85 |
| УДК определител | (035) |
| УДК - код + определител | 796.85(035) |
| 100 1# - Редна дума - Автор | |
| Автор | Ян Дзюн Мин |
| Авторска отговорност | първи автор |
| R(LIN) | 364046 |
| 139 ## - Редно поле | |
| Редна дума | Ян Дзюн Мин |
| Авторски знак | Янд - Я 53 |
| 245 10 - Сведения за заглавието | |
| Заглавие | Ци Гун - здраве и бойни изкуства |
| Редно поле (дума) | Ян Дзюн Мин; прев. от англ. Свилен Минчев. |
| 257 ## - Страна на издаване | |
| Страна на създаване/издаване | Китай |
| 260 ## - Област на издателските данни | |
| -- | София |
| Име на издателя, разпространителя и проч. | Одисей |
| Година на издаване | 1995 |
| 300 ## - Физическа характеристика | |
| Страници | 156 с. |
| Илюстрации и др. | с ил., сх. |
| Размери/Мащаб | 20 см |
| 380 ## - Жанр | |
| Жанр | Медицина |
| 500 ## - Общи забележки | |
| Забележка | Ориг. загл. Chi Kung - Health Martial Arts / Yang Jwing Mind. - 500 тир. |
| 650 #4 - Допълнително описание по предмет – тема | |
| Основно описание – тема или топоним | Бойни изкуства, източни - наръчници и ръководства |
| 9 (RLIN) | 242795 |
| 653 ## - Ключова дума – ненормативна | |
| Ключова дума | бойни изкуства |
| 653 ## - Ключова дума – ненормативна | |
| Ключова дума | източни бойни изкуства |
| 653 ## - Ключова дума – ненормативна | |
| Ключова дума | ръководства |
| 700 1# - Други автори (авторска отговорност) | |
| Лично име | Минчев, Свилен |
| Автороска отговорност (Описва отношението между автора и произведението) | прев. от англ. |
| 9 (RLIN) | 252293 |
| 852 ## - Местоположение | |
| Форматна сигнатура | Цб 181868 |
| 856 4# - Електронен адрес и достъп | |
| Електронен формат | pdf - файл |
| Път до файла /url/ | |
| 856 4# - Електронен адрес и достъп | |
| Електронен формат | pdf - файл |
| Път до файла /url/ | |
| 942 ## - АРТИКУЛИ | |
| Вид на библиотечния материал | Книги |
| Скрит в OPAC | Не |
| 944 ## - СЪЗДАВАНЕ И РЕДАКЦИЯ на ЗАПИСА | |
| Създаване/Редакция | Създаване |
| Дата на регистрацията/редакция | 15.01.2003 |
| Служител, извършил регистрацията/редакцията | Милена_Ачева |
| 944 ## - СЪЗДАВАНЕ И РЕДАКЦИЯ на ЗАПИСА | |
| Създаване/Редакция | Редакция |
| Дата на регистрацията/редакция | 06.02.2013 |
| Служител, извършил регистрацията/редакцията | |
| 999 ## - СИСТЕМНИ КОНТРОЛНИ НОМЕРА | |
| Koha biblionumber | 7190 |
| Koha biblioitemnumber | 7190 |
| Код за отписване | Код за изгубен артикул | Източник на класификационната схема | Код за повреда | Коз за рестрикции | Код за отдаване | Артикулен № | Име на библиотеката - собственик | Име на библиотеката, в която се намира в момента | Статус (Текущо местоположение) | Дата на вписване в системата | Местоположение - отдел | Цена в лева | Инвентарен номер | Систематично азбучна сигнатура | Баркод | Номер на екземпляра | Цена в евро | Служебна бележка | Служебен тип на артикула |
|---|---|---|---|---|---|---|---|---|---|---|---|---|---|---|---|---|---|---|---|
| Не е изгубен | Universal Decimal Classification | Не е повреден | без рестрикции | ползва се в читалня | 12445 | Регионална библиотека "Любен Каравелов" Русе | Регионална библиотека "Любен Каравелов" Русе | Хранилище | 1995-01-01 | Хранилище | 0.90 | 614651 | Цб 181868 | 120000614651 | 1 | 0.46 | Дост: Dp Вид: Д N: стар фонд Дата: 01.01.1995 Дата инв: 09.01.2015 Бележки инв: Цб2015 | Книги | |
| Изтеглен | Не е изгубен | Universal Decimal Classification | Не е повреден | без рестрикции | заемане за дома | 12446 | Регионална библиотека "Любен Каравелов" Русе | Регионална библиотека "Любен Каравелов" Русе | Заемна - подръчен фонд | 1995-01-01 | Заемна - подръчен фонд | 0.90 | 612131 | П 615.85/Я 53 | 612131 | 2 | 0.46 | Дост: Pk Вид: Сф N: стар фонд Дата: 01.01.1995 | Книги |
| Изтеглен | Не е изгубен | Universal Decimal Classification | Не е повреден | без рестрикции | заемане за дома | 12447 | Регионална библиотека "Любен Каравелов" Русе | Регионална библиотека "Любен Каравелов" Русе | Заемна - подръчен фонд | 1995-01-01 | Заемна - подръчен фонд | 2.00 | 645971 | П 615.85/Я 53 | 645971 | 3 | 1.02 | Дост: Pk Вид: Сф N: стар фонд Дата: 01.01.1995 | Книги |